|
|
|
|
| LEADER |
00000naa2a2200000 4500 |
| 001 |
606378 |
| 005 |
20231101132411.0 |
| 035 |
|
|
|a (RuTPU)RU\TPU\conf\3757
|
| 035 |
|
|
|a RU\TPU\conf\3756
|
| 090 |
|
|
|a 606378
|
| 100 |
|
|
|a 20140528d2013 k y0rusy50 ca
|
| 101 |
0 |
|
|a rus
|
| 102 |
|
|
|a RU
|
| 105 |
|
|
|a a z 100zy
|
| 135 |
|
|
|a drcn ---uucaa
|
| 181 |
|
0 |
|a i
|
| 182 |
|
0 |
|a b
|
| 200 |
1 |
|
|a Обоснование концептуального варианта компоновки волновой передачи с полым валом для трансмиссии геохода
|f В. Ю. Тимофеев
|
| 203 |
|
|
|a Текст
|c электронный
|
| 215 |
|
|
|a 1 файл (364 Кб)
|
| 225 |
1 |
|
|a Передовые технологии и техника для агропромышленного комплекса (АПК) и разработки недр
|
| 230 |
|
|
|a Электронные текстовые данные (1 файл : 364 Кб)
|
| 300 |
|
|
|a Заглавие с титульного листа.
|
| 320 |
|
|
|a [Библиогр.: с. 589 (5 назв.)]
|
| 337 |
|
|
|a Adobe Reader
|
| 463 |
|
1 |
|0 (RuTPU)RU\TPU\conf\2692
|t Инновационные технологии и экономика в машиностроении
|o сборник трудов IV Международной научно-практической конференции с элементами научной школы для молодых ученых, 23-25 мая 2013 г., Юрга
|f Национальный исследовательский Томский политехнический университет (ТПУ), Юргинский технологический институт (ЮТИ) ; под ред. Д. А. Чинахова
|v [С. 587-589]
|d 2013
|
| 610 |
1 |
|
|a труды учёных ТПУ
|
| 610 |
1 |
|
|a электронный ресурс
|
| 610 |
1 |
|
|a геоходы
|
| 610 |
1 |
|
|a компоновки
|
| 610 |
1 |
|
|a валы
|
| 610 |
1 |
|
|a трансмиссии
|
| 700 |
|
1 |
|a Тимофеев
|b В. Ю.
|c специалист в области горно-шахтного оборудования
|c доцент Юргинского технологического института (филиал) Томского политехнического университета, кандидат технических наук
|f 1978-
|g Вадим Юрьевич
|2 stltpush
|3 (RuTPU)RU\TPU\pers\26168
|
| 712 |
0 |
2 |
|a Национальный исследовательский Томский политехнический университет (ТПУ)
|b Юргинский технологический институт (филиал) (ЮТИ)
|b Кафедра горно-шахтного оборудования (ГШО)
|h 2088
|2 stltpush
|3 (RuTPU)RU\TPU\col\18984
|
| 801 |
|
2 |
|a RU
|b 63413507
|c 20140528
|g RCR
|
| 856 |
4 |
|
|u http://www.lib.tpu.ru/fulltext/c/2013/C30/168.pdf
|
| 942 |
|
|
|c BK
|